[Event "Montesilvano Adriatico op 28th"]
[Site "Montesilvano"]
[Date "2024.09.14"]
[Round "8"]
[White "Proietti Cobas, Jorge"]
[Black "Bonaposta, Fabrizio"]
[Result "1/2-1/2"]
[WhiteElo "2002"]
[BlackElo "2076"]
[PlyCount "20"]
[EventDate "2024.09.08"]
[EventType "swiss"]
[EventRounds "9"]
[EventCountry "ITA"]
[SourceTitle "EXT 2025"]
[Source "ChessBase"]
[SourceDate "2024.10.14"]
[SourceVersion "1"]
[SourceVersionDate "2024.10.14"]
[SourceQuality "1"]

1. e4 e5 2. Nf3 Nc6 3. Bb5 Nf6 4. 0-0 Be7 5. Bxc6 dxc6 6. d3 Bg4 7. h3 Bxf3 8. Qxf3 0-0 9. Be3 c5 10. Nd2 Re8 1/2-1/2

[Event "Forni di Sopra op 15th"]
[Site "Forni di Sopra"]
[Date "2024.06.14"]
[Round "8"]
[White "Vezzosi, Paolo"]
[Black "Proietti Cobas, Jorge"]
[Result "1/2-1/2"]
[WhiteElo "2086"]
[BlackElo "2001"]
[PlyCount "35"]
[EventDate "2024.06.08"]
[EventType "swiss"]
[EventRounds "9"]
[EventCountry "ITA"]
[SourceTitle "CBM 220 Extra"]
[Source "ChessBase"]
[SourceDate "2024.07.31"]
[SourceVersion "1"]
[SourceVersionDate "2024.07.31"]
[SourceQuality "1"]

1. d4 Nf6 2. g3 d5 3. Bg2 e6 4. Nf3 Be7 5. c4 c6 6. 0-0 0-0 7. b3 Nbd7 8. Nbd2 b6 9. Qc2 Bb7 10. Bb2 Rc8 11. e4 dxe4 12. Nxe4 Nxe4 13. Qxe4 Nf6 14. Qc2 c5 15. Rad1 Be4 16. Qe2 Qc7 17. dxc5 bxc5 18. Ne5 1/2-1/2

[Event "Forni di Sopra op 15th"]
[Site "Forni di Sopra"]
[Date "2024.06.12"]
[Round "6"]
[White "Tan, Yi Rui Ray"]
[Black "Proietti Cobas, Jorge"]
[Result "1/2-1/2"]
[WhiteElo "1925"]
[BlackElo "2001"]
[PlyCount "93"]
[EventDate "2024.06.08"]
[EventType "swiss"]
[EventRounds "9"]
[EventCountry "ITA"]
[SourceTitle "CBM 220 Extra"]
[Source "ChessBase"]
[SourceDate "2024.07.31"]
[SourceVersion "1"]
[SourceVersionDate "2024.07.31"]
[SourceQuality "1"]

1. e4 c5 2. Nf3 e6 3. d4 cxd4 4. Nxd4 Nf6 5. Nc3 Nc6 6. Ndb5 Bb4 7. a3 Bxc3+ 8. Nxc3 d5 9. exd5 exd5 10. Bd3 Bg4 11. Ne2 h6 12. h3 Bd7 13. Be3 0-0 14. 0-0 Re8 15. Nd4 Ne5 16. Nf3 Nxd3 17. cxd3 Qa5 18. Bd4 Qa6 19. Bc3 Bb5 20. Ne5 d4 21. Bxd4 Rad8 22. Bc3 Bxd3 23. Nxd3 Rxd3 24. Qc2 Red8 25. Rad1 Ne4 26. Rxd3 Qxd3 27. Qxd3 Rxd3 28. Rc1 Nxc3 29. Rxc3 Rxc3 30. bxc3 Kf8 31. Kf1 Ke7 32. Ke2 Kd6 33. Kd3 Kc5 34. c4 f5 35. Kc3 g5 36. f3 h5 37. g3 a6 38. Kd3 b6 39. Kc3 b5 40. cxb5 axb5 41. g4 hxg4 42. hxg4 f4 43. Kd3 Kd5 44. Kc3 Kc5 45. Kd3 Kd5 46. Kc3 Kc5 47. Kd3 1/2-1/2

[Event "Forni di Sopra op 15th"]
[Site "Forni di Sopra"]
[Date "2024.06.11"]
[Round "5"]
[White "Proietti Cobas, Jorge"]
[Black "Maldonado Gonzales, Stefano"]
[Result "0-1"]
[WhiteElo "2001"]
[BlackElo "2245"]
[PlyCount "69"]
[EventDate "2024.06.08"]
[EventType "swiss"]
[EventRounds "9"]
[EventCountry "ITA"]
[SourceTitle "CBM 220 Extra"]
[Source "ChessBase"]
[SourceDate "2024.07.31"]
[SourceVersion "1"]
[SourceVersionDate "2024.07.31"]
[SourceQuality "1"]

1. e4 e5 2. Nf3 Nc6 3. Nc3 Nf6 4. d4 Bb4 5. d5 Ne7 6. Bd3 d6 7. 0-0 Bxc3 8. bxc3 Ng6 9. h3 0-0 10. Be3 Qe7 11. Nd2 h6 12. Be2 Nh7 13. Bg4 f5 14. Bxf5 Bxf5 15. exf5 Rxf5 16. Qg4 Qf7 17. Ne4 Nf4 18. c4 g5 19. Rab1 b6 20. Ng3 Rf6 21. Bxf4 Rxf4 22. Qe2 Nf6 23. f3 h5 24. Ne4 Nh7 25. Qd3 Rf8 26. c3 Qg6 27. Qe2 g4 28. Kh2 Kh8 29. Rbe1 gxh3 30. gxh3 Qf5 31. Ng3 Qf7 32. Rg1 Ng5 33. Ref1 Nxf3+ 34. Rxf3 Rxf3 35. Rg2 0-1

[Event "Forni di Sopra op 15th"]
[Site "Forni di Sopra"]
[Date "2024.06.09"]
[Round "2"]
[White "Grendene, Luca"]
[Black "Proietti Cobas, Jorge"]
[Result "0-1"]
[WhiteElo "1900"]
[BlackElo "2001"]
[PlyCount "78"]
[EventDate "2024.06.08"]
[EventType "swiss"]
[EventRounds "9"]
[EventCountry "ITA"]
[SourceTitle "CBM 220 Extra"]
[Source "ChessBase"]
[SourceDate "2024.07.31"]
[SourceVersion "1"]
[SourceVersionDate "2024.07.31"]
[SourceQuality "1"]

1. d4 d5 2. c4 e6 3. Nc3 Nf6 4. cxd5 exd5 5. Bg5 Be7 6. e3 0-0 7. Bd3 Re8 8. Qc2 g6 9. Nge2 c6 10. 0-0 a5 11. a3 Na6 12. Rae1 Nc7 13. f3 Ne6 14. Bh4 Nh5 15. Bf2 f5 16. g3 Ng5 17. Kg2 f4 18. Ng1 fxg3 19. hxg3 Bf6 20. e4 dxe4 21. Nxe4 Nxe4 22. fxe4 Ng7 23. e5 Be7 24. Ne2 Bf5 25. Nf4 Bxd3 26. Qxd3 Bg5 27. Qc4+ Kh8 28. Nxg6+ hxg6 29. Rh1+ Nh5 30. g4 Bh6 31. gxh5 Qg5+ 32. Bg3 gxh5 33. Rh3 Rg8 34. Kh2 h4 35. Kg2 hxg3 36. Rxh6+ Qxh6 37. Rh1 Qxh1+ 38. Kxh1 g2+ 39. Kg1 Raf8 0-1

[Event "Lignano Bella Italia op 2nd"]
[Site "Lignano Sabbiadoro"]
[Date "2023.08.23"]
[Round "9"]
[White "Proietti Cobas, Jorge"]
[Black "D'Antonio, Neri"]
[Result "1/2-1/2"]
[WhiteElo "1998"]
[BlackElo "2252"]
[PlyCount "113"]
[EventDate "2023.08.17"]
[EventType "swiss"]
[EventRounds "9"]
[EventCountry "ITA"]
[SourceTitle "CBM 216 Extra"]
[Source "ChessBase"]
[SourceDate "2023.11.30"]
[SourceVersion "1"]
[SourceVersionDate "2023.11.30"]
[SourceQuality "1"]

1. e4 e5 2. Nf3 Nc6 3. Bb5 Nf6 4. d3 Bc5 5. 0-0 Nd4 6. Ba4 Nxf3+ 7. Qxf3 0-0 8. Bb3 c6 9. Be3 Bxe3 10. Qxe3 Re8 11. f4 exf4 12. Qxf4 Qe7 13. Nd2 d5 14. Rae1 Be6 15. exd5 cxd5 16. Nf3 b5 17. a4 a5 18. Kh1 Qc5 19. Qd4 Nd7 20. axb5 Rec8 21. Ra1 Nb6 22. Qxc5 Rxc5 23. Ba4 Nxa4 24. Rxa4 Rxc2 25. b4 Bd7 26. Nd4 Rb2 27. Rxa5 Rxa5 28. bxa5 Bxb5 29. Nxb5 Rxb5 30. Ra1 Rb7 31. a6 Ra7 32. Kg1 Kf8 33. Kf2 Ke7 34. Ke3 Kd6 35. Kd4 Kc6 36. g4 f6 37. h4 Kd6 38. h5 Kc6 39. Rc1+ Kd6 40. Ra1 Kc6 41. Ra5 Kb6 42. Ra2 Kc6 43. Ra5 Kb6 44. Rxd5 Kxa6 45. Ke4 Kb6 46. d4 Kc6 47. Rf5 Re7+ 48. Kf4 Kd6 49. Kf3 Ke6 50. Ra5 Kd6 51. Rf5 Re1 52. h6 g6 53. Rxf6+ Kd5 54. Ra6 Rh1 55. g5 Kxd4 56. Ra7 Ke5 57. Ra5+ 1/2-1/2

[Event "Rome Lazio op 28th"]
[Site "Rome"]
[Date "2021.11.20"]
[Round "3"]
[White "Duraccio, Walter Mattia"]
[Black "Proietti Cobas, Jorge"]
[Result "0-1"]
[WhiteElo "1975"]
[BlackElo "1714"]
[PlyCount "70"]
[EventDate "2021.11.19"]
[EventType "swiss"]
[EventRounds "5"]
[EventCountry "ITA"]
[SourceTitle "CBM 205 Extra"]
[Source "ChessBase"]
[SourceDate "2022.01.31"]
[SourceVersion "1"]
[SourceVersionDate "2022.01.31"]
[SourceQuality "1"]

1. c4 c5 2. g3 g6 3. Bg2 Bg7 4. Nc3 Nc6 5. Nf3 Nf6 6. d4 cxd4 7. Nxd4 0-0 8. 0-0 Qb6 9. Nc2 d6 10. b3 Qa5 11. Nd5 Nxd5 12. cxd5 Nb8 13. Nd4 Qc3 14. Be3 Bd7 15. Rc1 Qa5 16. Qd3 Na6 17. Bd2 Qb6 18. Rc4 Nc5 19. Qe3 Rfe8 20. Rfc1 Rac8 21. Bc3 Rc7 22. Qd2 Qa6 23. Ba5 Rcc8 24. b4 Ne4 25. Qd3 Rxc4 26. Rxc4 Nf6 27. Bc7 Rc8 28. Qc2 Ne8 29. e3 Ba4 30. Qc1 Bb5 31. Rc3 Bxd4 32. exd4 Qxa2 33. Bh3 Rxc7 34. Rxc7 Nxc7 35. Qxc7 Qb1+ 0-1